[Event "DEM U12/U12w 2014"]
[Site "Magdeburg GER"]
[Date "2014.06.10"]
[Round "5"]
[White "Lesny, Florian"]
[Black "Rößler, Lukas Namgyu"]
[Result "0-1"]
[Termination "normal"]
[Board "22"]
[WhiteElo "1549"]
[BlackElo "1662"]
[PlyCount "140"]
[WhiteFideId "12973874"]
[BlackFideId "12938718"]
[EventCountry "GER"]
[EventRounds "11"]
[EventType "swiss"]
[EventDate "2014.06.07"]

1. e4 c5 2. Nf3 d6 3. d4 cxd4 4. Nxd4 Nf6 5. Nc3 e6 6. Be2 Be7 7. Be3 O-O 8.
O-O Nc6 9. Qd2 Qc7 10. f4 a6 11. Kh1 Bd7 12. Rad1 b5 13. a3 Rac8 14. Nxc6 Bxc6
15. Bf3 Rfd8 16. Qf2 Qb7 17. e5 Ne4 18. Nxe4 Bxe4 19. Bxe4 Qxe4 20. exd6 Bxd6
21. Rd2 Bb8 22. Rxd8+ Rxd8 23. Re1 Qf5 24. Rc1 h6 25. h3 Rc8 26. Kh2 e5 27. g3
exf4 28. Bxf4 Bxf4 29. gxf4 Rc4 30. Kg3 h5 31. Qf3 h4+ 32. Kg2 Rxc2+ 33. Rxc2
Qxc2+ 34. Qf2 Qg6+ 35. Kf3 Qh5+ 36. Kg2 f5 37. Qf3 Qg6+ 38. Kf2 Qf6 39. Qe2
Qd4+ 40. Kf3 Kf8 41. Qc2 Qf6 42. Qc8+ Kf7 43. Qd7+ Kg6 44. Qe8+ Qf7 45. Qc6+
Kh7 46. Qc2 g6 47. Qc3 Qd5+ 48. Kf2 Qh1 49. Qe3 Kh6 50. b4 Qh2+ 51. Kf1 Qb2 52.
Kg1 Qb1+ 53. Kg2 Qc2+ 54. Kf1 Qd1+ 55. Kf2 Qd6 56. Kg2 Qf6 57. Qf3 g5 58. Kh2
Qb2+ 59. Kh1 Qc1+ 60. Kg2 gxf4 61. Qd5 Qc2+ 62. Kg1 Qb1+ 63. Kg2 Qb2+ 64. Kg1
Qf6 65. Qf3 Qg5+ 66. Kf1 Qg3 67. Qc6+ Kg5 68. Qg2 Qxg2+ 69. Kxg2 Kf6 70. Kf3
Ke5 0-1

[Event "DEM U12/U12w 2014"]
[Site "Magdeburg GER"]
[Date "2014.06.10"]
[Round "5"]
[White "Yankelevich, Michael"]
[Black "Hüls, Maximilian"]
[Result "0-1"]
[Termination "normal"]
[Board "23"]
[WhiteElo "1696"]
[BlackElo "1638"]
[PlyCount "98"]
[WhiteFideId "12921440"]
[BlackFideId "12949698"]
[EventCountry "GER"]
[EventRounds "11"]
[EventType "swiss"]
[EventDate "2014.06.07"]

1. e4 c5 2. Nf3 Nc6 3. c3 e5 4. d4 cxd4 5. cxd4 exd4 6. Nxd4 d5 7. Nxc6 bxc6 8.
exd5 Qxd5 9. Qxd5 cxd5 10. Nc3 Nf6 11. Bg5 Bb4 12. Bxf6 gxf6 13. Bb5+ Bd7 14.
O-O-O Bxc3 15. Bxd7+ Kxd7 16. bxc3 Kc6 17. Rd4 Rhe8 18. Rd2 Re4 19. Rhd1 Rd8
20. f3 Rc4 21. Kc2 Kc5 22. Rd4 a5 23. Rxc4+ Kxc4 24. Rd4+ Kc5 25. Rh4 Re8 26.
Kb3 Re2 27. g3 Rf2 28. Rxh7 a4+ 29. Kxa4 Kc4 30. Rh4+ Kxc3 31. Kb5 d4 32. Kc5
d3 33. a4 Rc2 34. Kd5 d2 35. Rd4 Kb2 36. a5 Kc1 37. Ke4 Rc5 38. a6 d1=Q 39.
Rxd1+ Kxd1 40. a7 Ra5 41. a8=Q Rxa8 42. Kf5 Ke2 43. f4 Rh8 44. Kxf6 Kf3 45.
Kxf7 Kg4 46. h4 Kf5 47. Kg7 Rh5 48. g4+ Kxg4 49. Kg6 Rf5 0-1

[Event "DEM U12/U12w 2014"]
[Site "Magdeburg GER"]
[Date "2014.06.10"]
[Round "5"]
[White "Voß, Henrike"]
[Black "Roho, Kevin"]
[Result "1/2-1/2"]
[Termination "normal"]
[Board "25"]
[WhiteElo "1456"]
[BlackElo "1643"]
[PlyCount "80"]
[WhiteFideId "12971910"]
[BlackFideId "12973734"]
[EventCountry "GER"]
[EventRounds "11"]
[EventType "swiss"]
[EventDate "2014.06.07"]

1. e4 d5 2. exd5 Nf6 3. d4 Nxd5 4. c4 Nb6 5. Nf3 g6 6. Be3 Bg7 7. Be2 O-O 8.
O-O Bg4 9. h3 Bxf3 10. Bxf3 c6 11. Be2 N8d7 12. Nc3 Nf6 13. Qd2 Qd7 14. Rad1
Rad8 15. Rfe1 Qc8 16. b3 e6 17. Bf3 Rd7 18. Qe2 Rfd8 19. Rd2 Qc7 20. Red1 e5
21. d5 cxd5 22. Nxd5 Nbxd5 23. cxd5 b6 24. Bg5 Qd6 25. Bg4 Rc7 26. Rc2 h6 27.
Rxc7 Qxc7 28. Bxf6 Bxf6 29. Qd2 Bg5 30. d6 Qc6 31. Qd5 Qxd5 32. Rxd5 Bf6 33. d7
Kf8 34. Be2 Ke7 35. Bb5 a6 36. Bc6 b5 37. a4 bxa4 38. bxa4 Rb8 39. Kh2 Kd8 40.
a5 Kc7 1/2-1/2

[Event "DEM U12/U12w 2014"]
[Site "Magdeburg GER"]
[Date "2014.06.10"]
[Round "5"]
[White "Santos, Leonardo"]
[Black "Paulweber, Lara Maria"]
[Result "1-0"]
[Termination "normal"]
[Board "26"]
[WhiteElo "1451"]
[BlackElo "1386"]
[PlyCount "77"]
[WhiteFideId "12965049"]
[BlackFideId "12954411"]
[EventCountry "GER"]
[EventRounds "11"]
[EventType "swiss"]
[EventDate "2014.06.07"]

1. e4 e6 2. Nc3 d5 3. d4 Bb4 4. exd5 exd5 5. Bd3 Nf6 6. Nge2 c5 7. dxc5 Bxc5 8.
O-O Be6 9. Ng3 O-O 10. Bf4 Nc6 11. a3 Bd6 12. Bxd6 Qxd6 13. Re1 Rfe8 14. Qd2 h6
15. Rad1 Qd8 16. h3 a6 17. Be2 Re7 18. Bf3 Rd7 19. Nge2 Rd6 20. Nf4 Ne7 21. Re2
Qd7 22. g4 g5 23. Nd3 Nc6 24. Nc5 Qc8 25. N3a4 Ne7 26. Qb4 b5 27. Nxe6 Qd7 28.
Nac5 Nc6 29. Nxd7 Nxb4 30. Nxf6+ Kh8 31. axb4 fxe6 32. Nh5 a5 33. bxa5 Rxa5 34.
Rde1 Ra2 35. Rxe6 Rxe6 36. Rxe6 Kh7 37. Re7+ Kh8 38. Nf6 Ra1+ 39. Kg2 1-0

[Event "DEM U12/U12w 2014"]
[Site "Magdeburg GER"]
[Date "2014.06.10"]
[Round "5"]
[White "Bui, Ngoc Han Julia"]
[Black "Wachtel, Arthur"]
[Result "1-0"]
[Termination "normal"]
[Board "27"]
[WhiteElo "1446"]
[BlackElo "1539"]
[PlyCount "93"]
[WhiteFideId "12977055"]
[BlackFideId "12988510"]
[EventCountry "GER"]
[EventRounds "11"]
[EventType "swiss"]
[EventDate "2014.06.07"]

1. e4 e6 2. d4 d5 3. Nd2 Nc6 4. Ngf3 Nf6 5. e5 Nd7 6. Bd3 f6 7. exf6 Nxf6 8. c3
Bd6 9. O-O O-O 10. Re1 Re8 11. Qc2 e5 12. dxe5 Nxe5 13. Nxe5 Bxe5 14. Nf3 Qd6
15. Nxe5 Rxe5 16. Rxe5 Qxe5 17. Qe2 Qd6 18. h3 Bd7 19. Be3 Re8 20. Qd2 c5 21.
Bf4 Qc6 22. Re1 Qc8 23. Rxe8+ Qxe8 24. Bg5 Qe6 25. Qe3 Qxe3 26. Bxe3 c4 27. Bc2
a6 28. Kf1 Kf7 29. Ke2 Bc6 30. Bd4 h6 31. Ke3 Ke6 32. g4 g5 33. f4 Kf7 34. fxg5
hxg5 35. Kf3 Bd7 36. Be3 Bc6 37. Kg3 Ne4+ 38. Bxe4 dxe4 39. Bxg5 Kg6 40. Be3 a5
41. a3 b5 42. h4 Kf6 43. h5 Bd7 44. Kf4 Bc6 45. g5+ Kg7 46. Ke5 Kh7 47. Kf6 1-0

[Event "DEM U12/U12w 2014"]
[Site "Magdeburg GER"]
[Date "2014.06.10"]
[Round "5"]
[White "Kirsten, Annika"]
[Black "Fesselier, Chelsea"]
[Result "1-0"]
[Termination "normal"]
[Board "28"]
[WhiteElo "1323"]
[BlackElo "1454"]
[PlyCount "47"]
[WhiteFideId "12961124"]
[BlackFideId "26024624"]
[EventCountry "GER"]
[EventRounds "11"]
[EventType "swiss"]
[EventDate "2014.06.07"]

1. e4 c5 2. Nf3 e6 3. d4 cxd4 4. Nxd4 a6 5. Bd3 d6 6. O-O Nf6 7. Nc3 b5 8. a3
Bb7 9. Be3 Nbd7 10. b4 Be7 11. f4 O-O 12. Qf3 Rc8 13. Nce2 Nb6 14. Qh3 h6 15.
Rf3 Kh8 16. f5 exf5 17. Nxf5 Ng8 18. Bxh6 gxh6 19. Nxh6 Kg7 20. Nf5+ Kg6 21.
Nxe7+ Qxe7 22. Nf4+ Kg7 23. Rg3+ Kf6 24. Qf5# 1-0

[Event "DEM U12/U12w 2014"]
[Site "Magdeburg GER"]
[Date "2014.06.10"]
[Round "5"]
[White "Ning, Felix"]
[Black "Rapp, Lukas"]
[Result "1-0"]
[Termination "normal"]
[Board "29"]
[WhiteElo "1491"]
[BlackElo "1216"]
[PlyCount "61"]
[WhiteFideId "12988553"]
[BlackFideId "12989320"]
[EventCountry "GER"]
[EventRounds "11"]
[EventType "swiss"]
[EventDate "2014.06.07"]

1. d4 Nf6 2. c4 g6 3. Nc3 Bg7 4. e4 d6 5. Nf3 Bg4 6. Be2 Bxf3 7. Bxf3 Nbd7 8.
O-O O-O 9. Be3 e5 10. d5 Re8 11. b4 b6 12. Rc1 h6 13. Qd2 Kh7 14. Na4 Ng8 15.
c5 bxc5 16. bxc5 f5 17. cxd6 cxd6 18. Qb4 f4 19. Bd2 Nb6 20. Rc6 Nxa4 21. Qxa4
Qb8 22. Bb4 Rd8 23. Qa3 Bf8 24. Ra6 Rd7 25. Bg4 Rd8 26. f3 Nf6 27. Be6 Kg7 28.
Rc1 Ne8 29. Ba5 Qb7 30. Bxd8 Rxd8 31. Rxa7 1-0

[Event "DEM U12/U12w 2014"]
[Site "Magdeburg GER"]
[Date "2014.06.10"]
[Round "5"]
[White "Mütsch, Annmarie"]
[Black "Arnold, Leander"]
[Result "1/2-1/2"]
[Termination "normal"]
[Board "30"]
[WhiteElo "1648"]
[BlackElo "1402"]
[PlyCount "64"]
[WhiteFideId "12971367"]
[BlackFideId "12990230"]
[EventCountry "GER"]
[EventRounds "11"]
[EventType "swiss"]
[EventDate "2014.06.07"]

1. e4 e6 2. d4 d5 3. e5 c5 4. c3 Nc6 5. Nf3 Qb6 6. a3 Nh6 7. Bd3 Bd7 8. Bc2 Be7
9. O-O f6 10. b4 cxb4 11. cxb4 Nf7 12. Bf4 Rc8 13. Ra2 f5 14. Re1 g5 15. Bc1 g4
16. Nfd2 Nxd4 17. Bd3 h5 18. Bb2 Nc6 19. Bxf5 Nfxe5 20. Bxe5 Nxe5 21. Rxe5 exf5
22. Nf1 d4 23. Rae2 Rh7 24. Rd5 f4 25. Qd3 Rg7 26. Ree5 f3 27. g3 a6 28. Nbd2
Bb5 29. Qf5 Rc7 30. Re6 Rc6 31. Qxh5+ Rf7 32. Qh8+ Rf8 1/2-1/2

[Event "DEM U12/U12w 2014"]
[Site "Magdeburg GER"]
[Date "2014.06.10"]
[Round "5"]
[White "Rosenhain, Rachela"]
[Black "Petrow, Jonas"]
[Result "1-0"]
[Termination "normal"]
[Board "31"]
[WhiteElo "1659"]
[BlackElo "1220"]
[PlyCount "41"]
[WhiteFideId "12957615"]
[BlackFideId "12991805"]
[EventCountry "GER"]
[EventRounds "11"]
[EventType "swiss"]
[EventDate "2014.06.07"]

1. e4 c5 2. Nf3 d6 3. d4 cxd4 4. Qxd4 Nc6 5. Bb5 Bd7 6. Bxc6 Bxc6 7. Nc3 Nf6 8.
Bg5 e5 9. Qd3 Be7 10. O-O-O Ng4 11. Bxe7 Qxe7 12. Qe2 O-O 13. h3 Nf6 14. g4 Qc7
15. Nh2 Rac8 16. g5 Nd7 17. h4 b5 18. h5 Nb6 19. h6 g6 20. Qf3 b4 21. Qf6 1-0

[Event "DEM U12/U12w 2014"]
[Site "Magdeburg GER"]
[Date "2014.06.10"]
[Round "5"]
[White "Wurst, Benedikt"]
[Black "Kück, Artur"]
[Result "1/2-1/2"]
[Termination "normal"]
[Board "32"]
[WhiteElo "1403"]
[BlackElo "1393"]
[PlyCount "89"]
[WhiteFideId "12991791"]
[BlackFideId "12965120"]
[EventCountry "GER"]
[EventRounds "11"]
[EventType "swiss"]
[EventDate "2014.06.07"]

1. e4 e5 2. Nf3 Nf6 3. Nc3 Nc6 4. Bc4 Bb4 5. d3 d5 6. exd5 Nxd5 7. Bd2 Nxc3 8.
Bxc3 Bxc3+ 9. bxc3 O-O 10. O-O Bg4 11. h3 Bh5 12. Qe2 Qf6 13. Bd5 Rfe8 14. Qe3
Rad8 15. Be4 Bg6 16. Rab1 Bxe4 17. Qxe4 Rb8 18. Rfe1 Qd6 19. d4 f6 20. dxe5
Nxe5 21. Nxe5 Rxe5 22. Qc4+ Kf8 23. Red1 Qc5 24. Qxc5+ Rxc5 25. Rb3 Ke7 26. Kf1
Re5 27. Re1 Rxe1+ 28. Kxe1 b6 29. Rb4 Rd8 30. Re4+ Kf7 31. Ke2 Re8 32. Rxe8
Kxe8 33. Kd3 Kd7 34. Kd4 Kd6 35. c4 c6 36. a4 a6 37. g4 g6 38. f4 h5 39. f5
hxg4 40. hxg4 g5 41. c3 b5 42. c5+ Kc7 43. a5 Kd7 44. c4 bxc4 45. Kxc4 1/2-1/2

[Event "DEM U12/U12w 2014"]
[Site "Magdeburg GER"]
[Date "2014.06.10"]
[Round "5"]
[White "Garbuz, Nicole"]
[Black "Mix, Clemens"]
[Result "0-1"]
[Termination "normal"]
[Board "33"]
[WhiteElo "1389"]
[BlackElo "1474"]
[PlyCount "72"]
[WhiteFideId "12990701"]
[BlackFideId "12987921"]
[EventCountry "GER"]
[EventRounds "11"]
[EventType "swiss"]
[EventDate "2014.06.07"]

1. e4 Nf6 2. e5 Nd5 3. c4 Nb6 4. d4 d6 5. exd6 exd6 6. Bd3 Be7 7. Ne2 Nc6 8.
Nbc3 Bf6 9. Be3 Bg4 10. f3 Bd7 11. O-O O-O 12. a3 Re8 13. Bf2 a5 14. b3 Nc8 15.
Rb1 N8e7 16. Qc2 g6 17. Qb2 Bf5 18. Be4 Bg7 19. b4 axb4 20. axb4 Bxe4 21. fxe4
f5 22. Bh4 Nxd4 23. Qd2 Nxe2+ 24. Nxe2 Qd7 25. exf5 Nxf5 26. Bg5 Qe6 27. Nc3
Qxc4 28. Qd5+ Qxd5 29. Nxd5 Rac8 30. Rbc1 c6 31. Nc3 Bxc3 32. Rxc3 Re2 33. Bf4
d5 34. b5 c5 35. Ra3 Re7 36. Ra7 Rd7 0-1

[Event "DEM U12/U12w 2014"]
[Site "Magdeburg GER"]
[Date "2014.06.10"]
[Round "5"]
[White "Weimert, Miriam"]
[Black "Ruppert, Paula"]
[Result "1-0"]
[Termination "normal"]
[Board "34"]
[WhiteElo "1562"]
[BlackElo "1202"]
[PlyCount "53"]
[WhiteFideId "12966703"]
[BlackFideId "12979996"]
[EventCountry "GER"]
[EventRounds "11"]
[EventType "swiss"]
[EventDate "2014.06.07"]

1. e4 e5 2. Nf3 Nc6 3. d4 exd4 4. Bc4 Nf6 5. e5 d5 6. Bb5 Ne4 7. Nxd4 Bc5 8.
Be3 Bd7 9. Bxc6 bxc6 10. Nd2 Nxd2 11. Qxd2 O-O 12. O-O Bb6 13. c3 c5 14. Ne2
Bc6 15. Ng3 Qd7 16. h3 Rfe8 17. Bf4 d4 18. c4 Bb7 19. f3 Ba6 20. b3 Rad8 21.
Bg5 Rb8 22. Qf4 h6 23. Bf6 gxf6 24. exf6 Qe6 25. Rfe1 Qd7 26. Qxh6 Rxe1+ 27.
Rxe1 1-0

[Event "DEM U12/U12w 2014"]
[Site "Magdeburg GER"]
[Date "2014.06.10"]
[Round "5"]
[White "Reuker, Ronja"]
[Black "Reitz, Theresa"]
[Result "0-1"]
[Termination "normal"]
[Board "35"]
[WhiteElo "945"]
[BlackElo "1484"]
[PlyCount "80"]
[WhiteFideId "12947172"]
[BlackFideId "12971901"]
[EventCountry "GER"]
[EventRounds "11"]
[EventType "swiss"]
[EventDate "2014.06.07"]

1. d4 Nf6 2. Bg5 g6 3. Bxf6 exf6 4. e4 Bg7 5. Nf3 d6 6. h3 O-O 7. Bd3 Nc6 8.
O-O Ne7 9. c3 f5 10. d5 b6 11. Re1 fxe4 12. Bxe4 Bb7 13. Qd2 f5 14. Bd3 Bxd5
15. c4 Bc6 16. Nc3 Bxf3 17. gxf3 Nc6 18. Bc2 Ne5 19. Qd5+ Kh8 20. Re2 c6 21.
Qd1 Nxf3+ 22. Kg2 Ne5 23. Qd2 Nxc4 24. Qc1 Re8 25. Rxe8+ Qxe8 26. Bb3 Bxc3 27.
Qxc3+ Ne5 28. f4 Rd8 29. fxe5 dxe5 30. Re1 Qe7 31. Rxe5 Qg5+ 32. Kf1 Qf4+ 33.
Ke1 Qh4+ 34. Ke2 Qh5+ 35. Kf2 Qh4+ 36. Kg2 Qg5+ 37. Qg3 Rd2+ 38. Kf3 Rd3+ 39.
Re3 Rxe3+ 40. Kf2 Qxg3+ 0-1

[Event "DEM U12/U12w 2014"]
[Site "Magdeburg GER"]
[Date "2014.06.10"]
[Round "5"]
[White "Flach, Helene"]
[Black "Bosselmann, Tom Linus"]
[Result "1/2-1/2"]
[Termination "normal"]
[Board "36"]
[WhiteElo "1657"]
[BlackElo "1430"]
[PlyCount "42"]
[WhiteFideId "12929735"]
[BlackFideId "12983845"]
[EventCountry "GER"]
[EventRounds "11"]
[EventType "swiss"]
[EventDate "2014.06.07"]

1. e4 c5 2. Nf3 e6 3. d4 cxd4 4. Nxd4 a6 5. Nc3 Qc7 6. Bd3 Nf6 7. O-O Be7 8.
Qe2 d6 9. f4 Nbd7 10. Kh1 h5 11. Bd2 b5 12. a3 Bb7 13. Rae1 h4 14. Nb3 Nc5 15.
Nxc5 dxc5 16. b3 Rd8 17. Kg1 Rd7 18. Be3 Rd8 19. Bc1 Rd7 20. Rf2 Rd8 21. f5 e5
1/2-1/2

[Event "DEM U12/U12w 2014"]
[Site "Magdeburg GER"]
[Date "2014.06.10"]
[Round "5"]
[White "Wastian, Mareike"]
[Black "Könze, Heike"]
[Result "0-1"]
[Termination "normal"]
[Board "37"]
[WhiteElo "1571"]
[BlackElo "1503"]
[PlyCount "58"]
[WhiteFideId "12947423"]
[BlackFideId "12964476"]
[EventCountry "GER"]
[EventRounds "11"]
[EventType "swiss"]
[EventDate "2014.06.07"]

1. e4 e6 2. Nf3 d5 3. Nc3 Nf6 4. e5 Nfd7 5. d4 c5 6. Bg5 Qb6 7. dxc5 Bxc5 8.
Qd2 Nc6 9. O-O-O a6 10. Na4 Qa7 11. Nxc5 Qxc5 12. Be3 Qe7 13. Qc3 f6 14. exf6
Nxf6 15. Bg5 O-O 16. h4 Qf7 17. Be2 Bd7 18. Ne1 Ne4 19. Qe3 Nxf2 20. Rf1 Nxd1
21. Kxd1 Qe8 22. Rh1 Rc8 23. h5 Rc7 24. h6 g6 25. Nd3 e5 26. Nf2 Qc8 27. Qd3
Rxf2 28. Qxd5+ Be6 29. Qc5 Rxe2 0-1

[Event "DEM U12/U12w 2014"]
[Site "Magdeburg GER"]
[Date "2014.06.10"]
[Round "5"]
[White "Schäfer, Nicolas"]
[Black "Kurzweil, Naemi"]
[Result "0-1"]
[Termination "normal"]
[Board "38"]
[WhiteElo "1337"]
[BlackElo "1231"]
[PlyCount "93"]
[WhiteFideId "12988901"]
[BlackFideId "12985708"]
[EventCountry "GER"]
[EventRounds "11"]
[EventType "swiss"]
[EventDate "2014.06.07"]

1. d4 d5 2. c4 e6 3. Nc3 Nf6 4. Qc2 Nc6 5. Bg5 Nxd4 6. Qd2 Nc6 7. cxd5 exd5 8.
Nxd5 Be7 9. Nxe7 Qxe7 10. Qc3 Qe5 11. Bd2 O-O 12. Nf3 Qd5 13. e3 Bg4 14. Be2
Rad8 15. h3 Ne4 16. Qc2 Bxf3 17. Bxf3 Qxd2+ 18. Qxd2 Nxd2 19. Bxc6 bxc6 20. Rc1
Rd6 21. Ke2 Ne4 22. f3 Nf6 23. g4 Rfd8 24. Rhd1 Rxd1 25. Rxd1 Rxd1 26. Kxd1 Kf8
27. Kd2 Ke7 28. Kd3 Nd5 29. a3 Ke6 30. Kd4 g6 31. e4 Nf4 32. h4 h6 33. b4 f6
34. Kc5 Kd7 35. Kd4 Kd6 36. a4 a6 37. Kc4 Ng2 38. Kd3 Nxh4 39. f4 c5 40. Kc4
cxb4 41. Kxb4 c5+ 42. Kc4 Nf3 43. a5 Nd2+ 44. Kd3 Nb3 45. Kc3 Nxa5 46. f5 gxf5
47. gxf5 0-1

[Event "DEM U12/U12w 2014"]
[Site "Magdeburg GER"]
[Date "2014.06.10"]
[Round "5"]
[White "Ziegenfuß, Larissa"]
[Black "Eulitz, Charlotte"]
[Result "1/2-1/2"]
[Termination "normal"]
[Board "39"]
[WhiteElo "1587"]
[BlackElo "1191"]
[PlyCount "97"]
[WhiteFideId "12974722"]
[BlackFideId "12964654"]
[EventCountry "GER"]
[EventRounds "11"]
[EventType "swiss"]
[EventDate "2014.06.07"]

1. g3 e5 2. Bg2 Nc6 3. d3 Nf6 4. e4 d5 5. Nd2 Be6 6. Ngf3 Bd6 7. O-O O-O 8. Re1
Re8 9. h3 Qe7 10. Nf1 Rad8 11. Qe2 h6 12. N1h2 Bc5 13. Bd2 Qd7 14. h4 d4 15. a3
a6 16. Rad1 b5 17. Bc1 Ng4 18. Bd2 Nxh2 19. Nxh2 b4 20. axb4 Nxb4 21. Bc1 Na2
22. Rf1 Nxc1 23. Rxc1 a5 24. Qh5 Qd6 25. Ng4 Bxg4 26. Qxg4 Qg6 27. Qxg6 fxg6
28. f4 Rb8 29. b3 Ra8 30. fxe5 Rxe5 31. Kh2 a4 32. bxa4 Rxa4 33. Ra1 Rxa1 34.
Rxa1 Bb6 35. Kh3 Rc5 36. Ra2 h5 37. Bf3 Kf7 38. g4 Kf6 39. g5+ Ke5 40. Kg3 Rc3
41. Rb2 Rc5 42. Bd1 Ke6 43. Kf4 Kf7 44. Ra2 Ke6 45. Ra8 Kf7 46. Ra4 Rb5 47. Ra2
Rb1 48. Bf3 Rb5 49. Bd1 1/2-1/2

[Event "DEM U12/U12w 2014"]
[Site "Magdeburg GER"]
[Date "2014.06.10"]
[Round "5"]
[White "Leimbach, Tim Vincent"]
[Black "Kukulina, Sonja"]
[Result "1/2-1/2"]
[Termination "normal"]
[Board "40"]
[WhiteElo "1284"]
[BlackElo "1162"]
[PlyCount "103"]
[WhiteFideId "12988600"]
[BlackFideId "12977047"]
[EventCountry "GER"]
[EventRounds "11"]
[EventType "swiss"]
[EventDate "2014.06.07"]

1. Nc3 Nf6 2. Nf3 Nc6 3. d4 d5 4. Bf4 e6 5. e3 Bd6 6. Bg3 a6 7. Bd3 Qe7 8. Qe2
e5 9. dxe5 Nxe5 10. Nxe5 Bxe5 11. f4 Bxc3+ 12. bxc3 Ng4 13. O-O O-O 14. Rf3 b6
15. h3 Nf6 16. Bh4 Bb7 17. Rg3 Qe6 18. Bxf6 Qxf6 19. Qe1 Rfe8 20. Rb1 Rad8 21.
Qd2 c5 22. Rg4 d4 23. cxd4 cxd4 24. exd4 Rxd4 25. Re1 Rxe1+ 26. Qxe1 Qe6 27.
Qc3 Qf6 28. Qc7 Ba8 29. Qc8+ Rd8 30. Qxa6 h5 31. Rg3 Qxf4 32. Qxb6 Re8 33. Qf2
Qc1+ 34. Bf1 Re6 35. Qa7 Be4 36. Rc3 Rg6 37. Rg3 Rf6 38. Qb8+ Kh7 39. Qb5 Rf5
40. Qe2 Qxc2 41. Qxc2 Bxc2 42. Bc4 Rf4 43. Bd3+ Bxd3 44. Rxd3 Ra4 45. a3 Kg6
46. Rf3 f6 47. Kh2 h4 48. g3 Kg5 49. gxh4+ Kxh4 50. Rg3 f5 51. Rb3 f4 52. Rb4
1/2-1/2

[Event "DEM U12/U12w 2014"]
[Site "Magdeburg GER"]
[Date "2014.06.10"]
[Round "5"]
[White "Berelowitsch, Dana"]
[Black "Gauchel, Verena"]
[Result "0-1"]
[Termination "normal"]
[Board "41"]
[WhiteElo "1102"]
[BlackElo "1273"]
[PlyCount "60"]
[WhiteFideId "12977144"]
[BlackFideId "12988537"]
[EventCountry "GER"]
[EventRounds "11"]
[EventType "swiss"]
[EventDate "2014.06.07"]

1. e4 b6 2. d4 Bb7 3. Bd3 Nf6 4. Qe2 e6 5. Nf3 d5 6. e5 Nfd7 7. Be3 c5 8. c3
Be7 9. Nbd2 Nc6 10. a3 Rc8 11. Rc1 c4 12. Bc2 b5 13. h3 Nf8 14. Nh2 Bg5 15.
Ndf3 h6 16. Qd2 Bxe3 17. Qxe3 Ne7 18. a4 a6 19. Ng4 Nf5 20. Bxf5 exf5 21. Ngh2
bxa4 22. g4 Qd7 23. Nh4 f4 24. Qf3 Ne6 25. O-O Ng5 26. Qg2 h5 27. Nf5 g6 28. h4
gxf5 29. hxg5 hxg4 30. Rfe1 Qe7 0-1

[Event "DEM U12/U12w 2014"]
[Site "Magdeburg GER"]
[Date "2014.06.10"]
[Round "5"]
[White "Kose, Robert Paul"]
[Black "Leib, Amina"]
[Result "1-0"]
[Termination "normal"]
[Board "42"]
[WhiteElo "1267"]
[BlackElo "1076"]
[PlyCount "107"]
[WhiteFideId "12982067"]
[BlackFideId "12982970"]
[EventCountry "GER"]
[EventRounds "11"]
[EventType "swiss"]
[EventDate "2014.06.07"]

1. e4 e5 2. Nf3 Nf6 3. Nc3 Nc6 4. Bb5 Bc5 5. d3 O-O 6. Bg5 h6 7. Bh4 d6 8. h3
Bd7 9. Nd5 a6 10. Nxf6+ gxf6 11. Bc4 b5 12. Bd5 a5 13. a3 Kg7 14. Nh2 Qe7 15.
Bxc6 Bxc6 16. Ng4 Qe6 17. Qd2 Rh8 18. Bxf6+ Kg6 19. Bxh8 Rxh8 20. b4 axb4 21.
axb4 Bb6 22. f4 Kg7 23. f5 Qd7 24. h4 d5 25. f6+ Kf8 26. Nxe5 Qd6 27. Nxc6 Qxc6
28. exd5 Qxd5 29. c4 Qe5+ 30. Kd1 Qxa1+ 31. Qc1 Qxc1+ 32. Kxc1 Be3+ 33. Kc2
bxc4 34. dxc4 Rg8 35. Ra1 Ke8 36. Ra8+ Kd7 37. Rxg8 Ke6 38. Re8+ Kxf6 39. Rxe3
Kg6 40. g4 f6 41. Re7 h5 42. gxh5+ Kxh5 43. Rh7+ Kg4 44. h5 f5 45. h6 Kg3 46.
Rg7+ Kf2 47. h7 f4 48. h8=Q f3 49. Qh2+ Ke3 50. Qe5+ Kf2 51. Rf7 c5 52. Qf4
cxb4 53. Qxf3+ Ke1 54. Re7# 1-0

[Event "DEM U12/U12w 2014"]
[Site "Magdeburg GER"]
[Date "2014.06.10"]
[Round "5"]
[White "Wolterink, Jule"]
[Black "Du, Jessica"]
[Result "1/2-1/2"]
[Termination "normal"]
[Board "43"]
[WhiteElo "943"]
[BlackElo "1241"]
[PlyCount "115"]
[WhiteFideId "12981206"]
[BlackFideId "12988529"]
[EventCountry "GER"]
[EventRounds "11"]
[EventType "swiss"]
[EventDate "2014.06.07"]

1. c4 e5 2. Nc3 Nf6 3. g3 Bc5 4. Bg2 Nc6 5. e3 d6 6. Nge2 Be6 7. b3 d5 8. d4
exd4 9. exd4 Bb6 10. cxd5 Nxd5 11. Bb2 Qd7 12. O-O Nxc3 13. Bxc3 Bh3 14. Re1
O-O 15. d5 Bxg2 16. Kxg2 Ne7 17. Nf4 Rad8 18. Bb4 Rfe8 19. Bxe7 Rxe7 20. Rxe7
Qxe7 21. Qf3 Bd4 22. Rd1 Be5 23. Re1 Qd6 24. Rd1 Bxf4 25. Qxf4 c6 26. Qa4 a6
27. Re1 Qxd5+ 28. Kg1 Qf3 29. Qb4 Rd1 30. Qe7 Rxe1+ 31. Qxe1 g6 32. Qe8+ Kg7
33. Qe5+ Kh6 34. Qc7 Qd1+ 35. Kg2 Qd5+ 36. Kg1 c5 37. Qf4+ Kg7 38. Qe3 Qd4 39.
Qf3 Qb4 40. Qd5 b5 41. Qe5+ f6 42. Qc7+ Kh6 43. Qe7 Qd4 44. Qf8+ Kh5 45. Qg7 h6
46. Kg2 Qe4+ 47. Kg1 f5 48. Qd7 Qd4 49. Qe6 Qa1+ 50. Kg2 Qxa2 51. Qe3 c4 52.
Qf3+ Kg5 53. Qf4+ Kf6 54. Qd6+ Kg5 55. Qf4+ Kf6 56. Qd6+ Kf7 57. Qd7+ Kf8 58.
Qd8+ 1/2-1/2

[Event "DEM U12/U12w 2014"]
[Site "Magdeburg GER"]
[Date "2014.06.10"]
[Round "5"]
[White "Albert, Eske"]
[Black "Bierfreund, Trine Maja"]
[Result "1/2-1/2"]
[Termination "normal"]
[Board "44"]
[WhiteElo "893"]
[BlackElo "1288"]
[PlyCount "122"]
[WhiteFideId "12991813"]
[BlackFideId "12957372"]
[EventCountry "GER"]
[EventRounds "11"]
[EventType "swiss"]
[EventDate "2014.06.07"]

1. e4 e5 2. Nf3 Nc6 3. Bc4 Bc5 4. d3 Nf6 5. Nc3 d6 6. h3 h6 7. Be3 Bb6 8. d4
exd4 9. Bxd4 Nxd4 10. Nxd4 O-O 11. Qd3 Re8 12. O-O-O Be6 13. Bxe6 fxe6 14. Rhe1
e5 15. Nf5 Bxf2 16. Qc4+ Kh7 17. Rf1 Bb6 18. Qd3 Nh5 19. Qf3 Qg5+ 20. Kb1 Rf8
21. h4 Qg6 22. g4 Nf4 23. h5 Qg5 24. Ne2 Nxe2 25. Qxe2 Rad8 26. c4 Bc5 27. Rg1
Bxg1 28. Rxg1 c6 29. Qd3 Qf6 30. a3 Qe6 31. g5 hxg5 32. Rxg5 Rg8 33. b3 d5 34.
exd5 e4 35. Qd4 Qf6 36. Rxg7+ Qxg7 37. Nxg7 Rxg7 38. Qxe4+ Kh8 39. Qe5 Kg8 40.
Qe6+ Kh7 41. h6 Rg1+ 42. Kc2 Rg2+ 43. Kc3 Rg3+ 44. Kb4 c5+ 45. Kxc5 b6+ 46. Kb5
a6+ 47. Kxa6 Rdg8 48. d6 b5 49. Qf7+ Kh8 50. d7 R3g6+ 51. Kxb5 Rb8+ 52. Kc5
Rgg8 53. h7 Rgc8+ 54. dxc8=Q+ Rxc8+ 55. Kb4 Rb8+ 56. Kc3 Rxb3+ 57. Kd4 Rd3+ 58.
Ke5 Rd5+ 59. Ke6 Re5+ 60. Kd6 Rd5+ 61. Kc7 Rd7+ 1/2-1/2